000 00349nam a2200145Ia 4500
008 230917s9999||||xx |||||||||||||| ||und||
040 _e9378
_aMAIN
041 _aEnglish
082 _a320.9497 B645Y
100 _aBorowiec, Andrew
245 0 _aYugoslavia After Tito
260 _aNew York
_bPraeger
_c1977
300 _aix, 122 p.
942 _cBK
999 _c212462
_d212462